00570nam a2200181 a 4500008004100000020001500041050001700056100002000073245010800093260003000201300003200231350000900263650002400272650004100296700002100337700001500358700001500373100818s2009 ||||||||||||||||| || u a0321552105 aQA 303.2 Has aWeir, Maurice D10aUniversity calculus: elements with early transcendentalscJoel, Hass, Maurice D. Weir, George B. Thomas aBoston, MAbPearsonc2009 axv, 791p. [various pagings] a0.00 aCALCULUS--TEXTBOOKS 0aMATHEMATICS--HANDBOOKS, MANUALS, ETC aThomas, George B aHass, Joel aHass, Joel